000 00566nam a2200217Ia 4500
003 OSt
005 20220923230914.0
006 a|||||r|||| 00| 0
007 ta
008 Pun
024 _a306,352
037 _cTextual
040 _aARTS
_cARTS
_bPun
041 _2Pun
_aPun
082 _aO153,6NAZx, M7
100 _aਆਜਿਗ਼, ਸੰਤਾ ਸਿੰਘ
245 0 _aਮਨ ਅੰਤਰ ਕੀ ਪੀਰ
260 _c1987
942 _hO153,6NAZx, M7
_cTEXL
_2CC
999 _c388138
_d388138